Umělá inteligence

Saved in:
Bibliographic Details
Main Author Vondrák, Ivo, 1959- (Author)
Format Book
LanguageCzech
Published Olomouc : Univerzita Palackého, 1991
Edition1. vyd.
Subjects
ISBN8070670134
Physical Description139 s.

Cover

LEADER 00000cam a22000007a 4500
001 18167
003 CZ-ZlUTB
005 20190825233659.0
008 950906s1991 xr |||||r|||||||||||cze|d
020 |a 8070670134 
040 |a ZLD002  |b cze  |c ZLD002  |d ZLD002 
072 7 |a 004.8  |x Umělá inteligence  |2 Konspekt  |9 23 
100 1 |a Vondrák, Ivo,  |d 1959-  |7 ola2002159176  |4 aut 
245 1 0 |a Umělá inteligence 
250 |a 1. vyd. 
260 |a Olomouc :  |b Univerzita Palackého,  |c 1991 
300 |a 139 s. 
650 0 4 |a UMĚLÁ INTELIGENCE 
655 7 |a vysokoškolská skripta  |7 fd190824  |2 czenas 
910 |a ZLD002 
952 |0 0  |1 0  |4 0  |6 S004VONDRÁKI  |7 0  |8 BOOK  |9 31350  |a UTBZL  |b UTBZL  |c 030  |d 2006-07-29  |i 667  |l 5  |m 2  |o S004/VONDRÁK,I.  |p 420010017667  |r 2025-05-20 00:00:00  |s 2025-03-12  |v 13.00  |w 2019-08-25  |x 20100831  |y 05 
992 |a BK  |b SK  |d 4 
999 |c 18167  |d 18167